| 000 | 00000nam 2200000zi 4500 |
| 001 | 9.867676 |
| 003 | CaOODSP |
| 005 | 20241203113645 |
| 006 | m o d f |
| 007 | cr ||||||||||| |
| 008 | 190128s1985 bccd |o f|0| 0 eng d |
| 040 | |aCaOODSP|beng|erda|cCaOODSP |
| 041 | |aeng|bfre |
| 043 | |an-cn-bc |
| 086 | 1 |aEn40-229/85-02E-PDF |
| 100 | 1 |aGuthrie, Donald R., |eauthor. |
| 245 | 10|aBioaccumulation from Amax/Kitsault tailings / |cby Donald R. Guthrie, MacGuth Enterprises. |
| 264 | 1|aVancouver, British Columbia : |bEnvironmental Protection Service, Pacific Region, |c1985. |
| 300 | |a1 online resource (ix, 78 pages) : |bcharts. |
| 336 | |atext|btxt|2rdacontent |
| 337 | |acomputer|bc|2rdamedia |
| 338 | |aonline resource|bcr|2rdacarrier |
| 490 | 1 |aRegional manuscript report ; |v85-02 |
| 500 | |aDigitized edition from print [produced by Environment and Climate Change Canada]. |
| 500 | |a"February 1985." |
| 504 | |aIncludes bibliographical references. |
| 520 | 3 |a"This study examined the bioaccumulation of metals from Amax/Kitsault mine tailings over a 100-day period to determine the degree to which common marine organisms might concentrate arsenic, cadmium, chromium, copper, molytxlenum, nickel, lead, vanadium, zinc, and iron"--Abstract. |
| 546 | |aIncludes abstract in French. |
| 692 | 07|2gccst|aMetals |
| 692 | 07|2gccst|aMining industry |
| 692 | 07|2gccst|aAquatic wildlife |
| 710 | 1 |aCanada. |bEnvironment Canada. |
| 710 | 1 |aCanada. |bEnvironmental Protection Service. |bPacific Region. |
| 710 | 2 |aMacGuth Enterprises. |
| 830 | #0|aRegional manuscript report (Canada. Environmental Protection Service)|v85-02|w(CaOODSP)9.867528 |
| 856 | 40|qPDF|s2.18 MB|uhttps://publications.gc.ca/collections/collection_2019/eccc/En40-229-85-02-eng.pdf |